all steven universe gems, fusions, and weapons - Statistics

General Stats
  • This quiz has been taken 721 times
    619 since last reset
  • The average score is 24 of 29
Answer Stats
Hint Gems % Correct
new crystal gem leader Garnet
99%
half human Steven quartz
99%
original crystal gem leader Rose quartz
98%
long nose Pearl
97%
short amethyst
96%
mirror gem Lapis lazuli
94%
Fusion of steven & connie Stevonnie
92%
fusion of pearl & amethyst Opal
91%
Leader of homeworld gems Yellow diamond
91%
Roses/stevens weapon shield
90%
first homeworld gem seen in the show Peridot
89%
big battle against garnet Jasper
88%
Rose Quartz & pearl Rainbow Quartz
87%
Pearl & garnet sardonyx
87%
pearls weapon Spear
87%
Ametysts weapon whip
87%
Fusion of garnet, amethyst, & pearl Alexandrite
86%
Fusion of garnet & amethyst sugilite
86%
leader of home world gems blue diamond
85%
Always fused Ruby
85%
Opals weapon Bow
82%
Fusion of lapis lazuli & jasper malachite
82%
Always fused Sapphire
82%
Sardonyxs weapon war hammer
81%
jaspers weapon crash helmet
76%
rubys weapon gauntlet
66%
Garnets weapon gauntlets
66%
Lapis Lazulis weapon wings/Water control
60%
Sugilites weapon flail
34%
No matching quizzes found
Score Distribution
Percent of People with Each Score
Percentile by Number Answered
Your Score History
You have not taken this quiz since the last reset